000 00292nam a2200121Ia 4500
008 231106s2014 xx 000 0 und d
041 _aeng
082 _a741.2
100 _aQUENTIN DELA BEDOYERE
245 _aPASTEL, METHODS AND TECHNIQUE
260 _bSEARCH PRESS
_c2014
300 _aP-64
999 _c920129
_d920129